Tigre trepador (Registro nro. 167300)

Detalles MARC
000 -ENCABEZADO
Número de control [NR] 01243nam a2200313Ia 4500
008 - DE LONGITUD FIJA DE DATOS DE ELEMENTOS - INFORMACIÓN GENERAL
Elementos de longitud fija [NR] 130821s2005 sp a gr spa
020 ## - NUMERO INTERNACIONAL NORMALIZADO PARA LIBROS [R]
Número Internacional Normalizado del libro [NR] 8496473090
020 ## - NUMERO INTERNACIONAL NORMALIZADO PARA LIBROS [R]
Número Internacional Normalizado del libro [NR] 9788496473096
040 ## - FUENTE DE CATALOGACION [NR]
Agencia de catalogación original [NR] CO-BoUCM
Idioma de catalogación [NR] spa
Quien Cataloga
Quien Clasifica Aldemar Mondragón
041 00 - CODIGO DE IDIOMA [R]
Código de idioma para texto/pista de sonido o título separado [R] Español
100 1# - ASIENTO PRINCIPAL--NOMBRE PERSONAL [NR]
Nombre personal [NR] Ravishankar, Anushka
ID Autoridad 41455
245 10 - MENCION DE TITULO [NR]
Título [NR] Tigre trepador
Mención de responsabilidad, etc. [NR] Anushka Ravishankar ; ilustraciones Pulak Biswas ; traducción Jorge González y Aloe Azid
260 ## - PUBLICACION, DISTRIBUCION, ETC. (PIE DE IMPRENTA) [R]
Lugar de publicación, distribución, etc. [R] Barcelona (España)
Nombre del editor, distribuidor, etc. [R] Thule Ediciones
Fecha de publicación, distribución, etc. [R] 2005
300 ## - DESCRIPCION FISICA [R]
Extensión [R] [40] páginas
Otros detalles físicos [NR] ilustraciones a color
490 #0 - MENCION DE SERIE [R]
Mención de serie [R] Trampantojo
586 ## - NOTA DE PREMIOS [R]
Nota de premios [NR] Premio al Mejor Libro Infantil de la American Library Association, 2005.
586 ## - NOTA DE PREMIOS [R]
Nota de premios [NR] Premio de la New York Book Show, Sección Infantil, 2005.
650 #7 - ASIENTO SECUNDARIO DE MATERIA - TERMINO TEMATICO [R]
Término temático o nombre geográfico como elemento de entrada [NR] Cuentos infantiles indios
9 (RLIN) 41456
650 #7 - ASIENTO SECUNDARIO DE MATERIA - TERMINO TEMATICO [R]
Término temático o nombre geográfico como elemento de entrada [NR] Libros ilustrados para niños
9 (RLIN) 18516
650 #7 - ASIENTO SECUNDARIO DE MATERIA - TERMINO TEMATICO [R]
Término temático o nombre geográfico como elemento de entrada [NR] Libros y lectura para niños
9 (RLIN) 18524
650 #7 - ASIENTO SECUNDARIO DE MATERIA - TERMINO TEMATICO [R]
Término temático o nombre geográfico como elemento de entrada [NR] Literatura infantil india
9 (RLIN) 41978
650 #7 - ASIENTO SECUNDARIO DE MATERIA - TERMINO TEMATICO [R]
Término temático o nombre geográfico como elemento de entrada [NR] Literatura infantil
9 (RLIN) 18680
690 ## - ASUNTO AGREGADO LOCAL DE ENTRADA - TÉRMINO TEMÁTICO (OCLC, RLIN)
Acceso temático local Literatura Asiática
700 1# - ASIENTO SECUNDARIO - NOMBRE PERSONAL [R]
Nombre personal [NR] Biswas, Pulak
9 (RLIN) 41459
Término de relación [R] ilustrador
700 1# - ASIENTO SECUNDARIO - NOMBRE PERSONAL [R]
Nombre personal [NR] González, Jorge
9 (RLIN) 41460
Término de relación [R] traductor
765 ## - ASIENTO DE IDIOMA ORIGINAL [R]
Título [NR] Tiger on a tree
942 ## - ELEMENTOS DE ENTRADA AGREGADOS (KOHA)
Tipo de ítem principal el descrito en 300a Libro
Tema principal Generalidades
Edición 1
Parte restante de la signatura top. R256t
Sistema de clasificación DEWEY
Clasificación 891.43
Título oculto en OPAC No
Existencias
Fecha de último préstamo Total préstamos Total Renewals Signatura topográfica Código de barras Última vez visto Ejemplar Costo de reposición Price effective from Tipo de ítem Nota pública (OPAC) Perdido Sistema de clasificación Dañado No prestable Tipo de ítem específico Suprimido Ubicación habitual Ubicación actual Localización Fecha de creación Proveedor Forma de adquisición Costo
31/03/2022 12 5 891.43 R256t 200024781 11/12/2025 Ej.1 51940.00 11/07/2013 Libro Spot Literatura Infantil   DEWEY     Libro   Quinta de Mutis Quinta de Mutis Mezanecs 11/07/2013 15 Compra 53500.00